| 000 | 00984nac a22002771u 4500 | ||
|---|---|---|---|
| 005 | 20170911114139.0 | ||
| 008 | 170911t2005 nyua frb 001 0 eng d | ||
| 010 | _a 2004047136 | ||
| 020 | _a0072872071 | ||
| 020 | _a9780071112987 | ||
| 040 |
_aEG-ScBUE _bara _cEG-ScBUE |
||
| 082 | 0 | 4 |
_a338.5 _bSAM _222 |
| 100 | 1 |
_aSamuelson, Paul A. _927505 |
|
| 245 | 1 | 0 |
_aMicroeconomics / _cPaul A. Samuelson, William D. Nordhaus. |
| 250 | _a18th ed. | ||
| 260 |
_aNew York : _bMcGraw-Hill / Irwin, _cc.2005. |
||
| 300 |
_axxii, 439 p. : _bill. (chiefly col.) ; _c26 cm. |
||
| 504 | _aIncludes bibliographical references and index. | ||
| 650 | 7 |
_aMicroeconomics. _2BUEsh |
|
| 651 | _2BUEsh | ||
| 653 |
_bBUSECO _cSeptember2017 |
||
| 700 | 1 | _aNordhaus, William D. | |
| 856 | 4 | 1 |
_3Table of contents only _uhttp://www.loc.gov/catdir/toc/mh041/2004047136.html |
| 856 | 4 | 1 |
_3Publisher description _uhttp://www.loc.gov/catdir/enhancements/fy0632/2004047136-d.html |
| 942 |
_cBB _k338.5 S1938 _2ddc |
||
| 999 |
_c2412 _d2412 |
||